00499nam a2200181Ii 45000010005000000030009000050080041000140400033000550410008000880820016000961000017001122450025001292640070001543000012002243360026002363370028002623380027002907803CO-ViMGA241108s9999||||xx |||||||||||||| ||und|| aCO-ViMGAbspaerdacCO-ViMGA0 aunk04a843.8-Z651p1 aÉmile Zola10aUna página de Amor 1a[Lugar de publicación no identificado] : Gráfica Stella, 1971 avolumen atextbtxt2rdacontent aunmediatedbn2rdamedia avolumebnc2rdacarrier